Postup pri zmene uplatňovaní výdavkov bakalárska práca

Uložené v:
Podrobná bibliografia
Hlavný autor: Kubová, Denisa
Korporativný autor: Fakulta hospodárskej informatiky EU. Katedra účtovníctva a audítorstva
Ďalší autori: Krišková, Petra, 1981-
Médium: Kniha
Jazyk:Slovak
Vydavateľské údaje: Bratislava 2020
Tagy: Pridať tag
Žiadne tagy, Buďte prvý, kto otaguje tento záznam!

MARC

LEADER 00000nbm a2200000 4500
001 0264708
005 20210427213344.7
041 0 |a slo 
044 |a SK 
245 1 0 |a Postup pri zmene uplatňovaní výdavkov  |b bakalárska práca  |c Denisa Kubová ; školiteľ: Petra Krišková 
264 1 |a Bratislava  |c 2020 
300 |a 48 s. 
100 1 |a Kubová, Denisa 
700 1 |a Krišková, Petra, 1981- 
710 2 |a Fakulta hospodárskej informatiky EU. Katedra účtovníctva a audítorstva